000 00797cam a2200277 i 4500
001 2539580
003 ARRUPE
005 20140207140005.0
008 750827s1973 tz 000 0 eng
010 _a 74980092 //r89
035 _a(OCoLC)ocm01637804
035 _a(NNC)2539580
040 _aDLC
_cDLC
_dZCU
043 _af-tz---
050 0 0 _aG155.T3
_bT68
082 0 0 _a338.4/7/91678
245 0 0 _aTourism and socialist development /
_cedited by I. G. Shivji.
260 _aDar es Salaam :
_bTanzania Pub. House,
_c1973.
300 _axi, 97 p. ;
_c18 cm.
490 1 _aTanzanian studies ;
_vno. 3
650 0 _aTourism
_zTanzania.
_98543
700 1 _aShivji, Issa G.,
_eeditor.
_98544
830 0 _aTanzanian studies ;
_vno. 3.
_98545
942 _2lcc
_cMONOGRAPH
999 _c120011
_d120011